| 000 | 00937nam a2200253Ia 4500 | ||
|---|---|---|---|
| 003 | OSt | ||
| 005 | 20220923211124.0 | ||
| 006 | a|||||r|||| 00| 0 | ||
| 007 | ta | ||
| 008 | 220922b |||||||| |||| 00| 0 hin d | ||
| 020 |
_a8181662059 (hbk) _c300 |
||
| 024 | _a238,566 | ||
| 037 |
_b383, 29/01/2009, Vani Prakashan _cTextual |
||
| 040 |
_aARTS _cARTS _bhin |
||
| 041 |
_2hin _ahin |
||
| 082 | _aO152,1N27x, P7 | ||
| 100 |
_aनारायण, कुॅंवर; सलिल, सुरेश, संपा. _9158473 |
||
| 245 | 0 | _aचुनी हुई कविताएॅं | |
| 246 | _aChunī huī kavitāeॅan | ||
| 260 |
_aदिल्ली _b मेधा बुक्स _c2007 |
||
| 300 |
_a248पृ. _ccm. |
||
| 942 |
_hO152,1N27x, P7 _cTEXL _2CC |
||
| 999 |
_c295592 _d295592 |
||